| 000 | 00330nam a22001217a 4500 | ||
|---|---|---|---|
| 082 |
_a297.07 _bRAN |
||
| 100 | _aRana, Muhammad Zafar | ||
| 245 |
_aIslamiyat (Compulsory) / _cMuhammad Zafar Rana & Hafiz Abdul Rehman |
||
| 260 |
_aLahore : _bIlmi Kitab Khana, _cN.A. |
||
| 300 | _a271 p. | ||
| 563 | _aPB. | ||
| 942 |
_2ddc _cBK |
||
| 999 |
_c613683 _d613683 |
||